[Event "Malopolska-ch"]
[Site "Krakow"]
[Date "2025.06.21"]
[Round "5"]
[White "Martyniuk, Daniil"]
[Black "Sygulski, Piotr"]
[Result "1/2-1/2"]
[WhiteElo "1992"]
[BlackElo "2204"]
[PlyCount "100"]
[EventDate "2025.06.19"]
[EventType "swiss"]
[EventRounds "7"]
[EventCountry "POL"]
[SourceTitle "CB26_2025"]
[SourceDate "2025.06.25"]
[SourceVersion "1"]
[SourceVersionDate "2025.06.25"]
[SourceQuality "1"]

1. e4 c5 2. a3 Nf6 3. Nc3 Nc6 4. Bc4 e6 5. d3 d5 6. Ba2 Be7 7. Nf3 dxe4 8. Nxe4 Nxe4 9. dxe4 Qxd1+ 10. Kxd1 b6 11. Bd2 Ba6 12. Bc3 Rg8 13. Ke1 0-0-0 14. Rd1 g5 15. Ne5 Nxe5 16. Bxe5 g4 17. c4 Bg5 18. Ke2 f5 19. Rxd8+ Rxd8 20. Rd1 Rxd1 21. Kxd1 fxe4 22. Bb1 Bxc4 23. Bxe4 h6 24. g3 Bd5 25. Bd3 Kb7 26. Kc2 Kc6 27. Bf1 Be4+ 28. Kc3 b5 29. h3 h5 30. hxg4 hxg4 31. Be2 Bf5 32. f3 gxf3 33. Bxf3+ Kb6 34. b4 Be3 35. Bf6 Kc7 36. Be5+ Kd7 37. g4 Bg6 38. Be2 c4 39. a4 a6 40. Bd4 Bxd4+ 41. Kxd4 Kd6 42. axb5 axb5 43. g5 e5+ 44. Kc3 Ke6 45. Bg4+ Bf5 46. Bh5 Ke7 47. g6 Be6 48. g7 Bg8 49. Bf3 Kd6 50. Be4 Kd7 1/2-1/2

[Event "Malopolska-ch"]
[Site "Krakow"]
[Date "2025.06.19"]
[Round "1"]
[White "Werblinski, Wojciech"]
[Black "Sygulski, Piotr"]
[Result "0-1"]
[WhiteElo "2001"]
[BlackElo "2204"]
[PlyCount "68"]
[EventDate "2025.06.19"]
[EventType "swiss"]
[EventRounds "7"]
[EventCountry "POL"]
[SourceTitle "CB26_2025"]
[SourceDate "2025.06.25"]
[SourceVersion "1"]
[SourceVersionDate "2025.06.25"]
[SourceQuality "1"]

1. e4 c6 2. d4 d5 3. Nd2 dxe4 4. Nxe4 Nf6 5. Nxf6+ exf6 6. c3 Be6 7. Bd3 Bd6 8. Qc2 Qc7 9. Ne2 Nd7 10. Be3 h5 11. h3 b5 12. a4 Rb8 13. axb5 cxb5 14. 0-0 0-0 15. Rfd1 Kh8 16. Be4 Nb6 17. d5 Bd7 18. Nd4 Nc4 19. Qe2 g6 20. Bh6 Rfe8 21. Qc2 Kh7 22. Bc1 Re7 23. Nf3 Rbe8 24. Bd3 Bc5 25. Bxc4 bxc4 26. d6 Bxd6 27. Be3 Bc5 28. Nd4 Re4 29. Ra6 Bb6 30. Qd2 Bc8 31. Ra4 Bb7 32. Nc2 Qc6 33. Qd7 Rd4 34. Qxf7+ Kh8 0-1

[Event "SVK-chT1E 2425"]
[Site "Slovakia"]
[Date "2025.02.01"]
[Round "6.2"]
[White "Sygulski, Piotr"]
[Black "Zatko, Gregor"]
[Result "1/2-1/2"]
[WhiteElo "2191"]
[BlackElo "2089"]
[PlyCount "97"]
[EventDate "2024.11.16"]
[EventType "team-tourn"]
[EventRounds "11"]
[EventCountry "SVK"]
[SourceTitle "CB14_2025"]
[SourceDate "2024.11.01"]
[SourceVersion "1"]
[SourceVersionDate "2024.11.01"]
[SourceQuality "1"]
[WhiteTeam "Dunajov Martin II"]
[BlackTeam "Banska Bystrica Junior"]
[WhiteTeamCountry "SVK"]
[BlackTeamCountry "SVK"]

1. d4 d5 2. c4 c6 3. Nf3 Nf6 4. Nc3 dxc4 5. a4 Bf5 6. e3 e6 7. Bxc4 Nbd7 8. Qe2 Bb4 9. Bd2 0-0 10. h3 Re8 11. 0-0 Bg6 12. Rfd1 e5 13. dxe5 Nxe5 14. Nxe5 Rxe5 15. Ne4 Nxe4 16. Bxb4 Qh4 17. Be1 Bh5 18. f3 Ng3 19. Bxg3 Qxg3 20. Qf2 Qxf2+ 21. Kxf2 Re7 22. Rd6 Kf8 23. a5 a6 24. g4 Bg6 25. e4 f6 26. Rad1 Be8 27. Be6 Rc7 28. Ke3 Rb8 29. Bc4 Ke7 30. e5 fxe5 31. Re6+ Kf8 32. Rxe5 Re7 33. Kf4 Rxe5 34. Kxe5 Ke7 35. Rd3 b5 36. axb6 Rxb6 37. b3 Bd7 38. Kd4 Kd6 39. Kc3+ Kc7 40. Rd1 c5 41. f4 Rh6 42. Rd3 a5 43. f5 Rf6 44. Re3 g6 45. fxg6 hxg6 46. Bd3 Kd6 47. g5 Rf8 48. h4 Rf4 49. Bxg6 1/2-1/2

[Event "Krakow op-A 35th"]
[Site "Krakow"]
[Date "2024.12.30"]
[Round "4"]
[White "Sygulski, Piotr"]
[Black "Georgiadis, Anastasios"]
[Result "0-1"]
[WhiteElo "2199"]
[BlackElo "2109"]
[PlyCount "146"]
[EventDate "2024.12.27"]
[EventType "swiss"]
[EventRounds "9"]
[EventCountry "POL"]
[SourceTitle "CB02_2025"]
[SourceDate "2025.01.08"]
[SourceVersion "1"]
[SourceVersionDate "2025.01.08"]
[SourceQuality "1"]

1. c4 Nf6 2. Nc3 e6 3. e4 d5 4. cxd5 exd5 5. e5 Ne4 6. Nxe4 dxe4 7. Qa4+ Nc6 8. Qxe4 Be6 9. Bb5 Bd5 10. Qg4 h5 11. Qh3 Qg5 12. Nf3 Qg4 13. Qxg4 hxg4 14. Nd4 Bxg2 15. Rg1 Bd5 16. Nxc6 bxc6 17. Be2 Rxh2 18. d4 g3 19. fxg3 Rb8 20. a3 Rb3 21. g4 Rhh3 22. Bf1 Rh2 23. Be2 Be7 24. g5 Rh4 25. Kd1 Rxd4+ 26. Kc2 Rh3 27. Bd2 Bb3+ 28. Kc1 Rh2 29. Bc3 Rf4 30. Bd1 Bxg5 31. Kb1 Bxd1 32. Rxd1 Rc4 33. e6 fxe6 34. Bxg7 Bf4 35. Ka2 Rg2 36. Bf6 Kf7 37. Kb3 Rc5 38. Bc3 Bd6 39. Rh1 Rh2 40. Rhg1 Rb5+ 41. Kc4 Rh4+ 42. Kd3 Rh3+ 43. Kc2 Be5 44. Raf1+ Ke7 45. Bxe5 Rxe5 46. Rg7+ Kd6 47. Rf2 a5 48. Kb1 Rb5 49. Rg8 Rh7 50. Re2 Re7 51. Rd8+ Rd7 52. Re8 Re7 53. Rd8+ Rd7 54. Re8 e5 55. Rh8 Re7 56. Rd8+ Kc5 57. Rc2+ Kb6 58. a4 Rd5 59. Rb8+ Ka7 60. Rb3 e4 61. Re3 Rd4 62. Rxc6 Rxa4 63. Rh6 Rc4 64. Rg6 Kb7 65. Rh6 c6 66. b3 Rd4 67. Kc2 Kb6 68. Rh4 a4 69. Kc3 c5 70. Rh6+ Kb5 71. Rh8 axb3 72. Rb8+ Kc6 73. Rxb3 Red7 0-1

[Event "Krakow op-A 35th"]
[Site "Krakow"]
[Date "2024.12.29"]
[Round "3"]
[White "Egresi, Mate"]
[Black "Sygulski, Piotr"]
[Result "1-0"]
[WhiteElo "2393"]
[BlackElo "2199"]
[PlyCount "79"]
[EventDate "2024.12.27"]
[EventType "swiss"]
[EventRounds "9"]
[EventCountry "POL"]
[SourceTitle "CB02_2025"]
[SourceDate "2025.01.08"]
[SourceVersion "1"]
[SourceVersionDate "2025.01.08"]
[SourceQuality "1"]

1. e4 c6 2. d4 d5 3. exd5 cxd5 4. c3 Nc6 5. Nf3 Nf6 6. Bf4 Bf5 7. Bd3 Bxd3 8. Qxd3 e6 9. 0-0 Bd6 10. Bxd6 Qxd6 11. Nbd2 0-0 12. Rfe1 Rab8 13. Ne5 b5 14. b4 a5 15. a4 bxa4 16. b5 Na7 17. Reb1 Nd7 18. Rxa4 Nxe5 19. dxe5 Qxe5 20. Rxa5 Nc8 21. c4 Qc7 22. Ra6 Nb6 23. cxd5 Rfd8 24. Ra2 Nxd5 25. Rc2 Qe7 26. Qb3 Qb7 27. g3 Ne7 28. b6 Nc6 29. Qf3 Rd5 30. Qe4 h6 31. Nf1 Nd8 32. Rc7 Qa6 33. Ne3 Rb5 34. Rxb5 Qxb5 35. Nc4 Qd5 36. Qxd5 exd5 37. Na5 Ne6 38. Rb7 Ra8 39. Nc6 Kf8 40. Rd7 1-0

[Event "Krakow op-A 35th"]
[Site "Krakow"]
[Date "2024.12.28"]
[Round "2"]
[White "Sygulski, Piotr"]
[Black "Pit Rada, Mihail Cosmin"]
[Result "1-0"]
[WhiteElo "2199"]
[BlackElo "2106"]
[PlyCount "91"]
[EventDate "2024.12.27"]
[EventType "swiss"]
[EventRounds "9"]
[EventCountry "POL"]
[SourceTitle "CB02_2025"]
[SourceDate "2025.01.08"]
[SourceVersion "1"]
[SourceVersionDate "2025.01.08"]
[SourceQuality "1"]

1. d4 d5 2. Nf3 Nf6 3. b3 Bf5 4. e3 e6 5. Bd3 Ne4 6. Bb2 Bb4+ 7. c3 Bd6 8. Qc2 Nd7 9. Nbd2 Nxd2 10. Nxd2 Bxd3 11. Qxd3 0-0 12. 0-0 f5 13. a4 Qe7 14. c4 c6 15. f4 Nf6 16. c5 Bc7 17. b4 g5 18. fxg5 Ne4 19. h4 Bg3 20. Rf4 Bxf4 21. exf4 Qc7 22. Rf1 Nxd2 23. Qxd2 a6 24. Bc3 Rae8 25. Qe2 Qg7 26. h5 Kf7 27. Rf3 Ke7 28. Re3 Kd7 29. b5 axb5 30. axb5 Qe7 31. bxc6+ bxc6 32. Qa6 Qd8 33. Re1 Qa8 34. Qe2 Qb7 35. Qe3 Re7 36. Ba5 Ra8 37. Bb6 Qb8 38. Qf3 Ra4 39. Qf2 Qa8 40. Kh2 Qa6 41. Qe3 Ra1 42. Rxa1 Qxa1 43. Qe5 Qa8 44. g6 hxg6 45. hxg6 Kc8 46. Qd6 1-0

[Event "SVK-chT1E 2425"]
[Site "Slovakia"]
[Date "2024.11.16"]
[Round "1.2"]
[White "Bidulsky, Matej"]
[Black "Sygulski, Piotr"]
[Result "0-1"]
[WhiteElo "2014"]
[BlackElo "2199"]
[PlyCount "134"]
[EventDate "2024.11.16"]
[EventType "team-tourn"]
[EventRounds "11"]
[EventCountry "SVK"]
[SourceTitle "CB51_2024"]
[SourceDate "2024.12.18"]
[SourceVersion "1"]
[SourceVersionDate "2024.12.18"]
[SourceQuality "1"]
[WhiteTeam "Kosice Slavia TU"]
[BlackTeam "Dunajov Martin II"]
[WhiteTeamCountry "SVK"]
[BlackTeamCountry "SVK"]

1. e4 c5 2. Nf3 e6 3. Nc3 Nc6 4. Bb5 Qc7 5. d4 cxd4 6. Nxd4 Bd6 7. Be2 Nxd4 8. Qxd4 a6 9. f4 Ne7 10. Qxg7 Rg8 11. Qxh7 Rxg2 12. Bh5 Qb6 13. Qxf7+ Kd8 14. Be2 Qf2+ 15. Kd1 Bb4 16. Qf8+ Kc7 17. Qh8 Nc6 18. Rf1 Rg1 19. Qh3 Nd4 20. Rxg1 Qxg1+ 21. Bf1 Qg7 22. Qg3 Qh8 23. Bd2 Nc6 24. Bd3 d6 25. Ke2 Qh5+ 26. Kf2 Bd7 27. Rg1 Rh8 28. Rg2 Bc5+ 29. Be3 Nd4 30. Ne2 Rg8 31. Nxd4 Rxg3 32. hxg3 e5 33. Nf3 exf4 34. gxf4 Bxe3+ 35. Kxe3 Qc5+ 36. Nd4 Qh5 37. Nf3 Bg4 38. Rh2 Qa5 39. b3 Qxa2 40. Rg2 Bd7 41. f5 Qa1 42. Kf4 Qh8 43. e5 Qh6+ 44. Rg5 Bc6 45. exd6+ Qxd6+ 46. Kg4 Qd5 47. Nh4 Qd4+ 48. Kh5 Qh8+ 49. Kg4 Qa1 50. Rg6 Be8 51. Re6 Qg1+ 52. Kf4 Bd7 53. Nf3 Qc1+ 54. Re3 Qh1 55. Ne5 Be8 56. Ng4 Bd7 57. Be4 Qa1 58. Rf3 Qg7 59. Rg3 a5 60. f6 Qf8 61. Rf3 b5 62. Kg3 a4 63. bxa4 bxa4 64. f7 Be6 65. Ne5 a3 66. Bf5 a2 67. Ng6 Qxf7 0-1

[Event "POL-chT 1st League"]
[Site "Darlowo"]
[Date "2024.09.20"]
[Round "7.4"]
[White "Sygulski, Piotr"]
[Black "Spisak, Czeslaw"]
[Result "1/2-1/2"]
[WhiteElo "2129"]
[BlackElo "2352"]
[PlyCount "88"]
[EventDate "2024.09.14"]
[EventType "team-swiss"]
[EventRounds "9"]
[EventCountry "POL"]
[SourceTitle "EXT 2025"]
[Source "ChessBase"]
[SourceDate "2024.10.14"]
[SourceVersion "1"]
[SourceVersionDate "2024.10.14"]
[SourceQuality "1"]

1. d4 Nf6 2. c4 g6 3. g3 Bg7 4. Bg2 0-0 5. Nc3 d6 6. h3 Nbd7 7. Nf3 e5 8. 0-0 exd4 9. Nxd4 Re8 10. e4 Nc5 11. Re1 a5 12. Qc2 Bd7 13. Be3 Qc8 14. Kh2 Re5 15. Nf3 Rh5 16. Nh4 Re5 17. Nf3 Re8 18. e5 Bf5 19. Qd1 Nfe4 20. exd6 Nxc3 21. bxc3 cxd6 22. Nd4 Be4 23. Nb5 Bxg2 24. Kxg2 Qc6+ 25. Qd5 Ne4 26. Bd4 Qxd5 27. cxd5 Bxd4 28. cxd4 Rad8 29. Rab1 Nf6 30. Rxe8+ Nxe8 31. Na3 Nc7 32. Rxb7 Nxd5 33. Nc4 a4 34. Ra7 Nc3 35. a3 Nb5 36. Rxa4 Nxd4 37. Ne3 Nc6 38. Nd5 Kf8 39. Ra6 Ne7 40. Nxe7 Kxe7 41. Kf3 Ke6 42. Ra7 Rb8 43. Ke2 h5 44. a4 Rb3 1/2-1/2

[Event "POL-chT 1st League"]
[Site "Darlowo"]
[Date "2024.09.17"]
[Round "4.15"]
[White "Janeczko, Jakub"]
[Black "Sygulski, Piotr"]
[Result "1/2-1/2"]
[WhiteElo "2302"]
[BlackElo "2129"]
[PlyCount "68"]
[EventDate "2024.09.14"]
[EventType "team-swiss"]
[EventRounds "9"]
[EventCountry "POL"]
[SourceTitle "EXT 2025"]
[Source "ChessBase"]
[SourceDate "2024.10.14"]
[SourceVersion "1"]
[SourceVersionDate "2024.10.14"]
[SourceQuality "1"]

1. e4 c5 2. Nf3 e6 3. d4 cxd4 4. Nxd4 Nc6 5. Nc3 Qc7 6. f4 a6 7. Nxc6 Qxc6 8. Bd3 b5 9. Qe2 Be7 10. a3 Bb7 11. Bd2 Nf6 12. e5 Nd5 13. Be4 Qc5 14. Qf3 Rc8 15. Nxd5 Bxd5 16. Bxd5 exd5 17. c3 0-0 18. Be3 Qc4 19. Rd1 Bc5 20. Bxc5 Rxc5 21. Rd4 Qa2 22. Qe2 Re8 23. 0-0 Rxc3 24. f5 Rc4 25. Rxd5 Rc2 26. Qf3 Qxb2 27. e6 dxe6 28. fxe6 f6 29. Rd7 Rc1 30. Qd5 Rxf1+ 31. Kxf1 Qc1+ 32. Ke2 Qb2+ 33. Kf1 Qc1+ 34. Ke2 Qb2+ 1/2-1/2

[Event "Bydgoszcz op"]
[Site "Bydgoszcz"]
[Date "2024.09.01"]
[Round "7"]
[White "Maltsevskaya, Aleksandra"]
[Black "Sygulski, Piotr"]
[Result "1-0"]
[WhiteElo "2404"]
[BlackElo "2103"]
[PlyCount "133"]
[EventDate "2024.08.26"]
[EventType "swiss"]
[EventRounds "9"]
[EventCountry "POL"]
[SourceTitle "EXT 2025"]
[Source "ChessBase"]
[SourceDate "2024.10.14"]
[SourceVersion "1"]
[SourceVersionDate "2024.10.14"]
[SourceQuality "1"]

1. e4 c5 2. Nf3 e6 3. d4 cxd4 4. Nxd4 Nc6 5. Nc3 Qc7 6. f4 a6 7. Nxc6 Qxc6 8. Bd3 b5 9. Qe2 Be7 10. e5 Bb7 11. Be4 Qc7 12. Bxb7 Qxb7 13. 0-0 Nh6 14. Ne4 Rc8 15. c3 Nf5 16. Ng3 Bc5+ 17. Kh1 Nxg3+ 18. hxg3 h5 19. Kh2 g6 20. Bd2 d5 21. exd6 Bxd6 22. Rad1 h4 23. g4 Rd8 24. Kh3 Be7 25. c4 b4 26. Qe5 Rd3+ 27. Be3 Bf6 28. Qxf6 Rxe3+ 29. Kh2 0-0 30. Qxh4 Kg7 31. f5 Qb8+ 32. Kg1 Rh8 33. f6+ Kg8 34. Qg5 Qh2+ 35. Kf2 Qg3+ 36. Kg1 Rh5 37. Qf4 Rh4 38. Rd8+ Kh7 39. Qxg3 Rxg3 40. Rf8 Rgxg4 41. Rxf7+ Kh6 42. Rf8 Kh7 43. f7 Rf4 44. g3 Rh1+ 45. Kxh1 Rxf1+ 46. Kg2 Rf6 47. Ra8 Rxf7 48. Rxa6 e5 49. Re6 Ra7 50. Rxe5 Rxa2 51. Re2 b3 52. c5 Kg7 53. c6 Ra6 54. c7 Rc6 55. Re7+ Kf6 56. Rh7 Rc1 57. Kf3 Kf5 58. Ke3 Ke5 59. Kd3 Kd5 60. g4 Ke5 61. g5 Rc2 62. Rg7 Kf5 63. Kd4 Kxg5 64. Ke5 Kh6 65. Re7 g5 66. Kd6 Rd2+ 67. Ke6 1-0

[Event "Wroclaw op-A"]
[Site "Wroclaw"]
[Date "2024.08.12"]
[Round "7"]
[White "Sygulski, Piotr"]
[Black "Gierulski, Kamil"]
[Result "1/2-1/2"]
[WhiteElo "2103"]
[BlackElo "2294"]
[PlyCount "90"]
[EventDate "2024.08.08"]
[EventType "swiss"]
[EventRounds "9"]
[EventCountry "POL"]
[SourceTitle "EXT 2025"]
[Source "ChessBase"]
[SourceDate "2024.10.14"]
[SourceVersion "1"]
[SourceVersionDate "2024.10.14"]
[SourceQuality "1"]

1. c4 Nf6 2. Nf3 c5 3. Nc3 g6 4. g3 Bg7 5. Bg2 d5 6. cxd5 Nxd5 7. Qb3 Nb6 8. d3 0-0 9. Be3 Na6 10. 0-0 Be6 11. Qa3 Nd5 12. Ng5 Nxe3 13. Nxe6 fxe6 14. fxe3 Qb6 15. Qb3 Rxf1+ 16. Rxf1 Qxb3 17. axb3 Rb8 18. Ra1 Bh6 19. Nd1 Kf7 20. Kf2 Nb4 21. Rxa7 b6 22. Ke1 Nc2+ 23. Kf2 Rd8 24. Bf3 Rd6 25. h4 Bg7 26. Nc3 Bh6 27. Nd1 Bg7 28. g4 h6 29. Be4 Bf6 30. Kg3 Rd8 31. Rb7 Rd6 32. Kh3 Na1 33. Nc3 Bxc3 34. bxc3 Nxb3 35. h5 gxh5 36. gxh5 Nc1 37. Bf3 c4 38. d4 Na2 39. e4 Nxc3 40. e3 b5 41. e5 Ra6 42. e4 Ra3 43. Kg4 Nb1 44. Rxb5 Nd2 45. Be2 Re3 1/2-1/2

[Event "Malopolska-ch"]
[Site "Krakow"]
[Date "2024.05.31"]
[Round "4"]
[White "Sygulski, Piotr"]
[Black "Sliwicki, Damian"]
[Result "1-0"]
[WhiteElo "2035"]
[BlackElo "2124"]
[PlyCount "103"]
[EventDate "2024.05.30"]
[EventType "swiss"]
[EventRounds "7"]
[EventCountry "POL"]
[SourceTitle "EXT 2025"]
[Source "ChessBase"]
[SourceDate "2024.10.14"]
[SourceVersion "1"]
[SourceVersionDate "2024.10.14"]
[SourceQuality "1"]

1. d4 Nf6 2. c4 e6 3. g3 d5 4. Bg2 Be7 5. Nf3 0-0 6. 0-0 dxc4 7. Qc2 a6 8. a4 Bd7 9. Ne5 Bc6 10. Nxc6 Nxc6 11. Bxc6 bxc6 12. Qxc4 Qd5 13. Nd2 Rfb8 14. b3 Bb4 15. Rb1 c5 16. dxc5 Bxc5 17. Bb2 Qxc4 18. bxc4 Rb4 19. Bxf6 gxf6 20. Ne4 Rxc4 21. Nxf6+ Kg7 22. Rbc1 Rxc1 23. Rxc1 Ba3 24. Nh5+ Kh6 25. Rc3 Bd6 26. Nf6 Rb8 27. Ne4 Be5 28. Rc5 f6 29. Rc4 Rd8 30. Nc5 Rd6 31. Nd3 Bd4 32. Rxc7 e5 33. Nc5 Kg6 34. e3 Bxc5 35. Rxc5 h5 36. Kg2 Rb6 37. a5 Rd6 38. Kf3 Kf5 39. h3 Kg6 40. Ke2 Kh6 41. e4 Kg6 42. Ke3 Kh6 43. Rc3 Kg5 44. Rb3 f5 45. Rb6 f4+ 46. Ke2 Rd4 47. Rxa6 Rxe4+ 48. Kf3 fxg3 49. Kxe4 gxf2 50. h4+ Kxh4 51. Rf6 Kg3 52. Ke3 1-0

[Event "Malopolska-ch"]
[Site "Krakow"]
[Date "2024.05.30"]
[Round "2"]
[White "Sygulski, Piotr"]
[Black "Dzida, Kamil"]
[Result "0-1"]
[WhiteElo "2035"]
[BlackElo "2403"]
[PlyCount "116"]
[EventDate "2024.05.30"]
[EventType "swiss"]
[EventRounds "7"]
[EventCountry "POL"]
[SourceTitle "EXT 2025"]
[Source "ChessBase"]
[SourceDate "2024.10.14"]
[SourceVersion "1"]
[SourceVersionDate "2024.10.14"]
[SourceQuality "1"]

1. d4 Nf6 2. Nc3 c5 3. d5 d6 4. e4 g6 5. Nf3 Bg7 6. h3 0-0 7. Be2 e6 8. Be3 exd5 9. exd5 Na6 10. 0-0 Nc7 11. Qd2 Re8 12. Rfe1 a6 13. a4 b6 14. Bh6 Qd7 15. Bxg7 Kxg7 16. Nh2 Bb7 17. Ng4 Nxg4 18. Bxg4 f5 19. Bf3 Qf7 20. b4 Rxe1+ 21. Rxe1 Re8 22. Rxe8 Nxe8 23. bxc5 bxc5 24. Ne2 Qd7 25. c4 Nf6 26. a5 Bc8 27. Nf4 Qe7 28. g3 Qe5 29. h4 h6 30. Qe3 Qxe3 31. fxe3 Nd7 32. Ne6+ Kf6 33. Nc7 Ne5 34. Be2 Ke7 35. Na8 Nd7 36. Nc7 Bb7 37. Ne6 Nf6 38. Bf3 Bc8 39. Nc7 Kd8 40. Ne6+ Bxe6 41. dxe6 Ne4 42. g4 Nd2 43. Bb7 fxg4 44. Bxa6 Nb3 45. Kf2 Nxa5 46. Kg3 Ke7 47. Kxg4 Kxe6 48. Kf4 Nc6 49. Bc8+ Kf6 50. Bg4 Ne5 51. Be2 Nf7 52. Ke4 g5 53. hxg5+ Kxg5 54. Kd5 h5 55. Ke6 Ne5 56. Kxd6 Ng4 57. e4 Kf4 58. e5 Nxe5 0-1